Tối ưu hóa vị trí phủ truyền thông tin của mạng giám sát rầy nâu với các bẫy đèn tự động : Luận văn Thạc sĩ Công nghệ thông tin. Chuyên ngành Hệ thống thông tin

Đề xuất một phương pháp mới để tối ưu việc truyền thông tin giữa các cảm biến trong một mạng giám sát rầy nâu dựa trên tiếp cận ô tô mát tế bào với mỗi tế bào được xem xét có dạng tổ ong (honeycomb)....

全面介紹

Đã lưu trong:
書目詳細資料
主要作者: Đặng, Quang Huy
格式: 圖書
語言:Undetermined
出版: Cần Thơ Trường Đại học Cần Thơ 2016
主題:
標簽: 添加標簽
沒有標簽, 成為第一個標記此記錄!
Thư viện lưu trữ: Trung tâm Học liệu Trường Đại học Cần Thơ
LEADER 01249nam a2200217Ia 4500
001 CTU_221423
008 210402s9999 xx 000 0 und d
082 |a 003.3 
082 |b H523 
088 |a 60480104 
100 |a Đặng, Quang Huy 
245 0 |a Tối ưu hóa vị trí phủ truyền thông tin của mạng giám sát rầy nâu với các bẫy đèn tự động : 
245 0 |b Luận văn Thạc sĩ Công nghệ thông tin. Chuyên ngành Hệ thống thông tin 
245 0 |c Đặng Quang Huy ; Huỳnh Xuân Hiệp, Nguyễn Nhị Gia Vinh (Cán bộ hướng dẫn) 
260 |a Cần Thơ 
260 |b Trường Đại học Cần Thơ 
260 |c 2016 
520 |a Đề xuất một phương pháp mới để tối ưu việc truyền thông tin giữa các cảm biến trong một mạng giám sát rầy nâu dựa trên tiếp cận ô tô mát tế bào với mỗi tế bào được xem xét có dạng tổ ong (honeycomb). 
650 |a Computer simulation,Mô phỏng trên máy tính 
904 |i Nghị, My,Hải 
980 |a Trung tâm Học liệu Trường Đại học Cần Thơ